| 000 | 00637nam a2200181 a 4500 | ||
|---|---|---|---|
| 001 | 000044329 | ||
| 005 | 20201002045310.0 | ||
| 008 | 140613s2001 dr 000 0 spa d | ||
| 040 |
_aDO-SdBNP _bspa _cBNPHU |
||
| 082 |
_axxxxx _bxxxxx |
||
| 100 | 1 |
_aAlegría Pérez, Rafael _972339 |
|
| 245 | 1 | 0 |
_aEstado-Nación, Soberanía y nuevo orden / _cRafael Alegría Pérez. |
| 260 |
_aSanto Domingo : _bs. n., _c2001. |
||
| 300 |
_a308 p. ; _c22 cm. |
||
| 500 | _aIncluye datos biográficos del autor en la contracubierta | ||
| 504 | _aIncluye referencias bibliográficas y notas al pie de las páginas | ||
| 504 | _aBibliografías : p. 303-308 | ||
| 999 |
_c43818 _d43818 |
||